Zákon č. 222/2004 Z.z. zo 6. apríla 2004 o dani z pridanej hodnoty ...

Zákon č. 222/2224 Z.z. o DPH v znení ďalších zákonov ... a zákona z 28. novembra 2007. Za novelizovaným zákonom nasleduje Dôvodová správa k tomuto zákonu

Gespeichert in:
Bibliographische Detailangaben
Format: Buchkapitel
Sprache:Slowakisch
Schlagworte:
Tags: Tag hinzufügen
Keine Tags, Fügen Sie das erste Tag hinzu!

MARC

LEADER 00000naa$a2200000$$$4500
001 0069026
005 20231106073447.4
041 0 |a slo 
044 |a SK 
245 1 0 |a Zákon č. 222/2004 Z.z. zo 6. apríla 2004 o dani z pridanej hodnoty ... 
520 |a Zákon č. 222/2224 Z.z. o DPH v znení ďalších zákonov ... a zákona z 28. novembra 2007. Za novelizovaným zákonom nasleduje Dôvodová správa k tomuto zákonu 
610 2 0 |a dane z hodnoty pridanej 
610 2 0 |a zákony 
610 2 0 |a novelizácia 
610 2 0 |a Slovensko 
610 2 0 |a 2004-2007 
610 2 0 |a správy dôvodové